Music Quiz

Random Music or Lyrics Quiz
Score 0/190 Timer 10:00
0 Plays Today
Answer % Correct
my
99.6%
my
99.6%
my
99.6%
my
99.6%
my
99.6%
my
99.6%
my
99.6%
don't
98.6%
don't
98.6%
don't
98.6%
throw
98.2%
the
97.8%
the
97.8%
out
97.8%
legos
97.8%
legos
97.8%
out
97.8%
out
97.8%
legos
97.8%
out
97.8%
back
97.5%
a
97.5%
back
97.5%
back
97.5%
the
97.5%
and
97.5%
and
97.5%
a
97.5%
back
97.5%
no
97.1%
on
96.4%
oh
96.4%
on
96.4%
on
96.4%
on
96.4%
what
95.7%
if
95.7%
what
95.7%
if
95.7%
is
95.3%
to
95.3%
to
95.3%
to
95.3%
to
95.3%
is
95.3%
home
95.3%
home
95.3%
home
95.3%
to
95.3%
to
95.3%
is
95.3%
to
95.3%
home
95.3%
can
95%
can
95%
can
95%
can
95%
can
95%
it
94.3%
it
94.3%
let
94.3%
go
94.3%
it
94.3%
come
93.9%
Answer % Correct
come
93.9%
new
93.2%
address
93.2%
can't
93.2%
so
92.8%
of
92.8%
so
92.8%
so
92.8%
hand
92.5%
move
92.5%
move
92.5%
move
92.5%
move
92.5%
wrote
92.1%
hard
91.8%
remember
91.8%
I
91.8%
I
91.8%
I
91.8%
I
91.8%
I
91.8%
I
91.8%
I
91.8%
I
91.8%
I
91.8%
I
91.8%
I
91.8%
keep
91.4%
keep
91.4%
at
91%
at
91%
cause
90.7%
cause
90.7%
wanna
90.7%
wanna
90.7%
cause
90.7%
cause
90.7%
wanna
90.7%
wanna
90.7%
we
89.6%
we
89.6%
we
89.6%
december
86%
this
85.7%
leave
84.6%
say
84.6%
say
84.6%
nest
84.2%
make
84.2%
as
84.2%
man
84.2%
grown
83.9%
i'm
83.9%
I'm
83.9%
all
83.9%
I'm
83.9%
all
83.9%
think
83.5%
think
83.5%
coming
82.8%
for
82.8%
but
82.8%
for
82.8%
but
82.8%
Answer % Correct
up
82.1%
been
82.1%
up
82.1%
been
82.1%
waiting
81.7%
waiting
81.7%
only
80.3%
like
80.3%
today
79.9%
an
79.9%
today
79.9%
lose
79.6%
christmas
79.6%
looks
78.9%
card
78.5%
want
78.1%
suddenly
78.1%
suddenly
78.1%
dad
76%
mom
75.6%
about
75.3%
packing
74.9%
whatever
74.9%
sad
74.2%
mugshot
73.8%
defenders
73.5%
ain't
73.1%
bad
73.1%
apartment
72.8%
from
72.8%
getting
72.4%
with
72%
far
72%
away
72%
shirts
71%
name
71%
people
70.3%
rent
69.5%
enough
68.8%
saved
68.5%
band
67.7%
in
61.3%
in
61.3%
your
60.9%
it's
60.2%
there
60.2%
there
60.2%
it's
60.2%
cold
58.8%
here
58.8%
you're
57.7%
you're
57.7%
you're
57.7%
you're
57.7%
fear
57%
standing
56.6%
trying
56.6%
shivering
56.6%
face
56.3%
greatest
55.9%
warm
55.2%
trembling
53.4%
Remove Ads.
Support Sporcle.
Get the best of Sporcle when you Go Orange. This ad-free experience offers more features, more stats, and more fun while also helping to support Sporcle. Thank you for becoming a member.

You're not logged in!

Compare scores with friends on all Sporcle quizzes.
OR
Log In

Sporcle TV

Today on Sporcle TV


Watch our educational content, quiz creation guides, and fun videos on Sporcle TV.

Show Comments

Extras

Top Quizzes Today


Score Distribution

Paid Content

Your Account Isn't Verified!

In order to create a playlist on Sporcle, you need to verify the email address you used during registration. Go to your Sporcle Settings to finish the process.

Report this User

Report this user for behavior that violates our Community Guidelines.

Details: